Name that Berry! - Statistics

General Stats
  • This quiz has been taken 22 times
  • The average score is 6 of 20
Answer Stats
Picture Answer % Correct
Blackberry
100%
Strawberry
95%
Blueberry
90%
Cranberry
35%
Gooseberry
35%
Loganberry
35%
Mulberry
30%
Elderberry
20%
Lingonberry
20%
Acai Berry
15%
Boysenberry
15%
Cloudberry
15%
Huckleberry
15%
Dewberry
10%
Black Raspberry
5%
Gojiberry
5%
Juneberry
5%
Red Raspberry
5%
Salmonberry
5%
Tayberry
5%
No matching quizzes found
Score Distribution
Percent of People with Each Score
Percentile by Number Answered
Your Score History
You have not taken this quiz